00508nam a2200169Ia 4500003000400000008004100004040001600045082001800061100002400079245011100103260003400214300001100248650001300259650001800272650001100290650003700301GCL140319s9999 xx 000 0 eng d aGCL / cGCL04a306. 809bC M1 aCLARK, DAVID (EDIT)10aMARRIAGE, DOMESTIC LIFE & SOCIAL CHANGE: WRITINGS FOR JACQUELINE BURGOYNE 1944- 88 / cCLARK, DAVID (EDIT) a[S.N] : bROUTLEDGE ، c1991 a267 P.04aMARRIAGE04aGREAT BRITAIN04aFAMILY04aGREAT BRITAIN - SOCIAL CONDITION